000 00257nam a22001217a 4500
008 171016b xxu||||| |||| 00| 0 eng d
041 _aeng
080 _a33
100 _a52
101 _aEKO
245 _aREGIONAL ECONOMICS
_cNOURSE,H,O
942 _2udc
_cBK
999 _c34175
_d34175